000 005790000a22001570004500
008 100902t xxu||||| |||| 00| 0 eng d
082 _a26895
090 _c26895
_d26895
100 _aMutebi ,Ronald Gonza
_946714
245 _aCultivating and promoting a culture of savings among Ugandans :
_ba case study of Suubi Children's Savings Scheme /
_cMutebi Ronald Gonza
260 _aNkozi :
_bUganda Martyrs University,
_c2002
300 _avi, 64 p. ;
_c30 cm.
500 _aMaster of Business Administration and Management
650 _aSaving
_946715
942 _cMASTER DIS
_2ddc
999 _c26895
_d26895